Statistics for Jedi Council Members Quiz

Click here to take the quiz!

General Stats

  • This quiz has been taken 73 times
    (35 since last reset)
  • The average score is 7 of 14

Answer Stats

Coucil member% Correct
Mace Windu
97%
Obi-Wan Kenobi
97%
Yoda
97%
Plo Koon
77%
Ki-Adi-Mundi
73%
Anakin Skywalker
63%
Kit Fisto
63%
Shaak Ti
47%
Agen Kolar
33%
Saesee Tiin
33%
Stass Allie
27%
Depa Billaba
17%
Oppo Rancisis
13%
Coleman Kjac
0%

Score Distribution

Percentile by Number Answered

Percent of People with Each Score

Your Score History

You have not taken this quiz since the last reset